Geometry Dash Emojis - Statistics

General Stats
  • This quiz has been taken 242 times
  • The average score is 16 of 28
Answer Stats
Hint Answer % Correct
πŸ’€πŸ”’πŸšͺ Deadlocked
77%
πŸͺ½πŸ€– Airborne Robots
71%
🌊 🌊 🌊 🌊 🌊 🌊 🌊 The Seven Seas
68%
β°πŸ“  Time Machine
68%
πŸ‡ Jumper
65%
πŸ§ŠπŸ‘» Polargeist
65%
πŸƒβ€β™‚οΈπŸ’¨ Dash
62%
βͺ πŸ›€οΈ Back On Track
61%
πŸš«πŸ‘‹ Cant Let Go
61%
βœŠβ“‚οΈ Nock Em
61%
⚾️⚾️ Base After Base
59%
πŸ’₯πŸ”¬ Blast Processing
59%
βŽπŸšΆβ€β™€οΈ xStep
59%
βš‘οΈπŸ¦Έβ€β™‚οΈπŸ§— Electroman Adventures
58%
πŸ‘¨β€πŸ«πŸŒŽ Theory of Everything
58%
πŸ‘¨β€πŸ«πŸŒŽπŸ‘¨β€πŸ«πŸŒŽ Theory of Everything 2
58%
πŸ”„πŸ”„ Cycles
55%
β˜οΈπŸƒβ€β™‚οΈπŸ’¨ Fingerdash
55%
πŸ”‹πŸš— Power Trip
55%
πŸ§‘β€πŸ’ΌπŸ‡ΈπŸ‡ͺ🏟️ Viking Arena
55%
🌡πŸšͺ Dry Out
54%
βš‘οΈβš™οΈ Electrodynamix
48%
πŸ”ŠπŸ˜‘ Stereo Madness
45%
β¬’πŸͺ« Hexagon Force
44%
🎚️🏁 Press Start
44%
πŸ¨πŸšΆβ€β™€οΈ Clubstep
42%
πŸ”ΊπŸŸ₯πŸ¦Ήβ€β™‚οΈ Geometrical Dominator
39%
πŸ“¬πŸ•Ί Clutterfunk
34%
No matching quizzes found
Score Distribution
Percent of People with Each Score
Percentile by Number Answered
Your Score History
You have not taken this quiz